01373nam a2200325 a 4500001001200000003000800012006001900020007001500039008004100054010001700095020001500112020001800127020002700145040002100172035002100193050002300214111004300237245017100280260006500451300001900516490004900535504004100584533015200625650004400777655002900821700002100850710001700871830003300888856012600921ebr10492649CaPaEBRm u cr cn|||||||||880412s1983 ne a sb 100 0 eng d z 88129818  z9027227233 z9789027227232 z9789027282507 (e-book) aCaPaEBRcCaPaEBR a(OCoLC)75248702514aPD361b.G76 1983eb2 aGroningen Grammar Talksn(3rd :d1981)10aOn the formal syntax of the Westgermaniah[electronic resource] :bpapers from the "3rd Groningen Grammar Talks," Groningen, January 1981 /cedited by Werner Abraham. aAmsterdam ;aPhiladelphia :bJohn Benjamins Pub. Co.,c1983. a242 p. :bill.1 aLinguistik aktuell (LA),x0166-0829 ;vBd. 3 aIncludes bibliographical references. aElectronic reproduction.bPalo Alto, Calif. :cebrary,d2011.nAvailable via World Wide Web.nAccess may be limited to ebrary affiliated libraries. 0aGermanic languagesxSyntaxvCongresses. 7aElectronic books.2local1 aAbraham, Werner.2 aebrary, Inc. 0aLinguistik aktuell ;vBd. 3.40uhttp://site.ebrary.com/lib/rucke/Doc?id=10492649zAn electronic book accessible through the World Wide Web; click to view